| 000 | 00680nam a22001937a 4500 | ||
|---|---|---|---|
| 999 |
_c61818 _d61818 |
||
| 005 | 20240520102006.0 | ||
| 008 | 240520s2007 enk||||| |||| 00| 0 eng d | ||
| 020 | _a 9780781770125x | ||
| 041 | _aeng | ||
| 080 | _a616.1(08) T-42 | ||
| 245 |
_aTextbook of Cardiovascular Medicine / _cEditor Eric J. Topol. |
||
| 250 | _a3rd Edition | ||
| 264 |
_aPhiladelphia : _bLippincott Williams & Wilkins, _c2007. |
||
| 300 |
_a1628 p.: _bill.; _c29 cm. |
||
| 653 | _aგულ-სისხლძარღვთა დაავადება | ||
| 653 | _aმედიცინა | ||
| 700 |
_aTopol, Eric J. _eრედაქტორი _922122 |
||
| 942 |
_2udc _cᲬᲘᲒᲜᲘ |
||